Higher engineering mathematics (Record no. 153)

MARC details
000 -LEADER
fixed length control field 00543 a2200217 4500
001 - CONTROL NUMBER
control field 065884
003 - CONTROL NUMBER IDENTIFIER
control field OSt
005 - DATE AND TIME OF LATEST TRANSACTION
control field 20251208171035.0
008 - FIXED-LENGTH DATA ELEMENTS--GENERAL INFORMATION
fixed length control field
020 ## - INTERNATIONAL STANDARD BOOK NUMBER
International Standard Book Number 8174091955
082 ## - DEWEY DECIMAL CLASSIFICATION NUMBER
Classification number 510.2462
Item number G86H
100 1# - MAIN ENTRY--PERSONAL NAME
Personal name Grewal, B.S.
245 1# - TITLE STATEMENT
Title Higher engineering mathematics
Statement of responsibility, etc By B.s. Grewal
250 ## - EDITION STATEMENT
Edition statement 40th ed.
260 ## - PUBLICATION, DISTRIBUTION, ETC. (IMPRINT)
Place of publication, distribution, etc Delhi
Name of publisher, distributor, etc Khanna Publication
Date of publication, distribution, etc 2007
300 ## - PHYSICAL DESCRIPTION
Extent 1391p.
500 ## - GENERAL NOTE
General note English
630 ## - SUBJECT ADDED ENTRY--UNIFORM TITLE
Uniform title Mathematics
690 ## - LOCAL SUBJECT ADDED ENTRY--TOPICAL TERM (OCLC, RLIN)
Topical term or geographic name as entry element Engineering mathematics; Mathematics
942 ## - ADDED ENTRY ELEMENTS (KOHA)
Source of classification or shelving scheme Dewey Decimal Classification
Koha item type Books
Holdings
Withdrawn status Lost status Source of classification or shelving scheme Damaged status Not for loan Collection code Home library Current library Department Date acquired Source of acquisition Coded location qualifier Cost, normal purchase price Inventory number(Invoice/Date) Total Checkouts Full call number Barcode Date last seen Date checked out Price effective from Koha item type Public note
    Dewey Decimal Classification     General Text Book Central University Of Rajasthan Central University Of Rajasthan Mathematics 07/03/2012 MTH Parnay Boo 345.00 247/09-03-2010 4 510.2462 G86H 172 11/03/2026 05/03/2026 02/09/2020 Books Khanna Publication, Delhi
    Dewey Decimal Classification     General Text Book Central University Of Rajasthan Central University Of Rajasthan Mathematics 07/03/2012 MTH Parnay Boo 345.00 247/09-03-2010 1 510.2462 G86H 173 21/11/2024 23/11/2020 02/09/2020 Books Khanna Publication, Delhi
    Dewey Decimal Classification     General Text Book Central University Of Rajasthan Central University Of Rajasthan Mathematics 07/03/2012 MTH Parnay Boo 345.00 247/09-03-2010 1 510.2462 G86H 174 28/03/2025 13/03/2025 02/09/2020 Books Khanna Publication, Delhi
    Dewey Decimal Classification     General Text Book Central University Of Rajasthan Central University Of Rajasthan Mathematics 07/03/2012 MTH Parnay Boo 345.00 247/09-03-2010 9 510.2462 G86H 170 02/01/2025 19/12/2024 02/09/2020 Books Khanna Publication, Delhi
    Dewey Decimal Classification     General Text Book Central University Of Rajasthan Central University Of Rajasthan Mathematics 07/03/2012 MTH Parnay Boo 345.00 247/09-03-2010   510.2462 G86H 171 21/11/2024   02/09/2020 Books Khanna Publication, Delhi